Methods of research in business education : (Record no. 3160)

MARC details
000 -LEADER
fixed length control field 00787nam a22002177a 4500
003 - CONTROL NUMBER IDENTIFIER
control field OSt
005 - DATE AND TIME OF LATEST TRANSACTION
control field 20250729041137.0
008 - FIXED-LENGTH DATA ELEMENTS--GENERAL INFORMATION
fixed length control field 250619b |||||||| |||| 00| 0 eng d
020 ## - INTERNATIONAL STANDARD BOOK NUMBER
International Standard Book Number 978-621-427-238-9
040 ## - CATALOGING SOURCE
Original cataloging agency DWCL - Main lib
Transcribing agency OC
082 ## - DEWEY DECIMAL CLASSIFICATION NUMBER
Classification number Fil. 001.42 F634m 2025
100 ## - MAIN ENTRY--PERSONAL NAME
Personal name Flores, Marivic Francisco
245 ## - TITLE STATEMENT
Title Methods of research in business education :
Remainder of title IMRAD aligned chapter-base format/
Statement of responsibility, etc. Marivic Francisco Flores
250 ## - EDITION STATEMENT
Edition statement Third edition
260 ## - PUBLICATION, DISTRIBUTION, ETC.
Place of publication, distribution, etc. Manila, Philippines :
Name of publisher, distributor, etc. Unlimited books library services & Publishing,
Date of publication, distribution, etc. c2025.
300 ## - PHYSICAL DESCRIPTION
Extent viii, 230 pages :
Other physical details illustrations ;
Dimensions 23cm.
504 ## - BIBLIOGRAPHY, ETC. NOTE
Bibliography, etc. note Includes bibliography.
650 ## - SUBJECT ADDED ENTRY--TOPICAL TERM
Topical term or geographic name entry element 1. Research method
650 ## - SUBJECT ADDED ENTRY--TOPICAL TERM
Topical term or geographic name entry element 2. Academic writing-- IMRAD
942 ## - ADDED ENTRY ELEMENTS (KOHA)
Source of classification or shelving scheme Dewey Decimal Classification
Koha item type Book-Filipiniana
Edition Third edition
Call number prefix Fil.
Suppress in OPAC No
952 ## - LOCATION AND ITEM INFORMATION (KOHA)
--
952 ## - LOCATION AND ITEM INFORMATION (KOHA)
--
952 ## - LOCATION AND ITEM INFORMATION (KOHA)
--
Holdings
Withdrawn status Lost status Source of classification or shelving scheme Damaged status Not for loan Home library Current library Shelving location Date acquired Source of acquisition Cost, normal purchase price Total Checkouts Full call number Barcode Date last seen Copy number Price effective from Koha item type Uniform Resource Identifier
    Dewey Decimal Classification     College Library College Library Filipiniana 05/08/2025 School Fund 450.00   Fil. 001.42 F634m 2025 CL54491 06/19/2025 c2 06/19/2025 BK - FIL
    Dewey Decimal Classification     College Library College Library Filipiniana 10/28/2024 School Fund 425.00   Fil. 001.42 F634m 2025 CL54174 07/29/2025 c1 07/29/2025 BK - FIL
    Dewey Decimal Classification     Graduate School of Business and Management Library Graduate School of Business and Management Library Filipiniana 05/13/2025 School Fund 450.00   Fil. 001.42 F634m 2025 CL4784 07/29/2025 c3 07/29/2025 BK - FIL